000 00523nam a22001577a 4500
003 OSt
005 20151101144700.0
008 151101b xxu||||| |||| 00| 0 eng d
040 _cRUA
082 _aFOR ទៀង 1991 B116 Or.1
100 _93147
_aទៀង ដាវិទ្យ
245 _aបញ្ហាកសិកម្មពនេចរនៅស្រុកសៀមប៉ាង ខេត្តស្ទឹងត្រែង
260 _aPhnom Penh
_bRUA
_c1991
300 _a57p.
_bill.
_c29cm.
942 _2ddc
_cFOR
999 _c2936
_d2936